Money capital incomes - taxation related issues in Poland
Otázky príjmov (výnosov) z peňažného kapitálu a ich zdanenia v poľských podmienkach. Formy príjmov z peňažného kapitálu. Definícia rozdielov medzi hmotnými a finančnými investíciami. Špecifikácia rôznych foriem finančných investícií. Otázky zdaňovania príjmov z podielových investícií, pričom príjmy...
Salvato in:
| Autore principale: | |
|---|---|
| Natura: | Capitolo di libro |
| Lingua: | inglese |
| Soggetti: | |
| Tags: |
Nessun Tag, puoi essere il primo ad aggiungerne!!
|
MARC
| LEADER | 00000naa$a2200000$$$4500 | ||
|---|---|---|---|
| 001 | 0048634 | ||
| 005 | 20230918085557.9 | ||
| 041 | 0 | |a eng | |
| 044 | |a SK | ||
| 245 | 1 | 0 | |a Money capital incomes - taxation related issues in Poland |c Teresa Famulska |
| 520 | |a Otázky príjmov (výnosov) z peňažného kapitálu a ich zdanenia v poľských podmienkach. Formy príjmov z peňažného kapitálu. Definícia rozdielov medzi hmotnými a finančnými investíciami. Špecifikácia rôznych foriem finančných investícií. Otázky zdaňovania príjmov z podielových investícií, pričom príjmy sú chápané ako dividendy, podiely na zisku a ďalšie formy príjmov. Zdaňovanie úrokových príjmov a charakteristika vývoja v tejto oblasti | ||
| 610 | 2 | 0 | |a kapitál peňažný |
| 610 | 2 | 0 | |a zdaňovanie |
| 610 | 2 | 0 | |a Poľsko |
| 610 | 2 | 0 | |a dividendy |
| 610 | 2 | 0 | |a príjmy peňažné |
| 610 | 2 | 0 | |a investície kapitálové |
| 100 | 1 | |a Famulska, Teresa | |